|
|
|
|
| LEADER |
00000nam0a2200000 4500 |
| 001 |
172761 |
| 005 |
20231101223044.0 |
| 035 |
|
|
|a (RuTPU)RU\TPU\book\187340
|
| 090 |
|
|
|a 172761
|
| 100 |
|
|
|a 20091215d2000 km y0rusy50 ca
|
| 101 |
0 |
|
|a rus
|
| 102 |
|
|
|a RU
|
| 105 |
|
|
|a a z 001zy
|
| 200 |
1 |
|
|a Автоматизация технологических процессов производства асфальтобетонных смесей
|f В. А. Воробьев [и др.]
|g Российская Инженерная Академия ; Московский автомобильно-дорожный институт (Государственный технический университет) (МАДИ-ГТУ)
|
| 210 |
|
|
|a Москва
|c Изд-во Российской инженерной академии
|d 2000
|
| 215 |
|
|
|a 273 с.
|c ил.
|
| 316 |
|
|
|5 63413507: 09-8756
|a На титульном листе дарственная надпись: "Библиотеке ТПУ от выпускника ФТФ ТПУ 1960 г. В. А. Воробьев. 22.09.09"
|
| 317 |
|
|
|5 63413507: 09-8756
|a Дар автора
|
| 320 |
|
|
|a Библиогр.: с. 270-272
|
| 330 |
|
|
|a В книге рассмотрены вопросы автоматизации отдельных технологических агрегатов и участков технологической линии непрерывного производства асфальтобетонных смесей с единых позиций системотехнического синтеза многоуровневых систем управления асфальтобетонным заводом. Основное внимание уделено принципам и схемам автоматизации агрегатов непрерывного действия, осуществляющих операции дробления, дозирования, сушки и перемешивания. Даны математические модели отдельных агрегатов. Рассмотрены вопросы структурного взаимодействия и согласования рабочих режимов агрегатов в процессе автоматизированного управления производством асфальтобетонных смесей.
|
| 606 |
1 |
|
|a Асфальтобетонные заводы
|x Автоматизация
|2 stltpush
|3 (RuTPU)RU\TPU\subj\34398
|9 56355
|
| 610 |
1 |
|
|a асфальтобетонные смеси
|
| 610 |
1 |
|
|a производство
|
| 610 |
1 |
|
|a приготовление
|
| 610 |
1 |
|
|a системотехническое проектирование
|
| 610 |
1 |
|
|a объекты
|
| 610 |
1 |
|
|a модели
|
| 610 |
1 |
|
|a агрегаты
|
| 610 |
1 |
|
|a системы автоматизации
|
| 610 |
1 |
|
|a выпускники ТПУ
|
| 610 |
1 |
|
|a дарственные надписи
|
| 610 |
1 |
|
|a дары автора
|
| 610 |
1 |
|
|a дары библиотеке
|
| 610 |
1 |
|
|a Коллекция ТПУ
|
| 675 |
|
|
|a 665.775.4
|v 3
|
| 701 |
|
1 |
|a Воробьев
|b В. А.
|g Владимир Александрович
|
| 701 |
|
1 |
|a Кальгин
|b А. А.
|g Александр Анатольевич
|
| 701 |
|
1 |
|a Марсова
|b Е. В.
|g Екатерина Вадимовна
|
| 701 |
|
1 |
|a Попов
|b В. П.
|g Валерий Петрович
|
| 712 |
0 |
2 |
|a Российская инженерная академия (РИА)
|c (Москва)
|2 stltpush
|3 (RuTPU)RU\TPU\col\20872
|
| 712 |
0 |
2 |
|a Московский автомобильно-дорожный институт (Государственный технический университет) (МАДИ-ГТУ)
|2 stltpush
|3 (RuTPU)RU\TPU\col\3181
|
| 801 |
|
1 |
|a RU
|b 63413507
|c 20091215
|
| 801 |
|
2 |
|a RU
|b 63413507
|c 20210125
|g RCR
|
| 942 |
|
|
|c BK
|